Statistics for The Ultimate Big Bang Theory Quiz 🎬

Click here to take the quiz!

General Stats

  • This quiz has been taken 98 times
  • The average score is 18 of 30

Answer Stats

HintAnswer% Correct
A recurring theme in 'The Big Bang Theory' is about which character drinking wine?Penny
92%
In 'The Big Bang Theory', Leonard's former girlfriend Joyce Kim was a spy for which country?North Korea
88%
In 'The Big Bang Theory', Sheldon sings a song about which sort of kitty?Soft
86%
The Big Bang Theory' was first shown on US television in which year?2007
81%
Big Bang Theory' star Kunal Nayyar was raised in which country?India
81%
In season 2 of 'The Big Bang Theory', Howard works on a robotic rover for which planet?Mars
81%
How many seasons of the 'Big Bang Theory' were made in total?12
79%
After Sheldon terminates his friendship with Amy in season 4 of 'The Big Bang Theory', he adopts several of which animal?Cat
78%
In 'The Big Bang Theory', what is Penny's job at the Cheesecake Factory?Waitress
78%
In 'The Big Bang Theory', the characters invent a 3D version of which game?Chess
77%
In 'The Big Bang Theory', which character is played by Mayim Bialik?Amy
75%
Although she works as a waitress, Penny in 'The Big Bang Theory' wants to work in which profession?Acting
74%
How does the comic book store get damaged at the end of the 7th season of 'The Big Bang Theory'?Fire
64%
After too many changes at the start of of season 8 of the 'Big Bang Theory', Sheldon lives on which form of transport?Train
64%
In 'The Big Bang Theory' theme, we built the wall and what else?Pyramids
62%
How old was Sheldon when he started at college in 'The Big Bang Theory'?11
60%
Howard in 'The Big Bang Theory' is allergic to which food?Nuts
60%
In 'The Big Bang Theory', Leonard grew up in which US state?New Jersey
59%
Howard's mother in 'The Big Bang Theory' famously cooks which dish?Brisket
56%
Howard tries to bond with Bernadette's father doing which hobby?Fishing
56%
Amy Farrah Fowler specializes in which field of science in 'The Big Bang Theory'?Neuroscience
55%
In 'The Big Bang Theory', what does Sheldon do on Saturday nights?Laundry
52%
According to the 'Big Bang Theory' theme, who developed tools?Neanderthals
47%
Bloom is the surname of which 'Big Bang Theory' character?Stuart
40%
In 'The Big Bang Theory', which sci-fi series does Leonard love and Sheldon hate?Babylon 5
33%
In 'The Big Bang Theory', Howard travels to which country for his rocket launch?Kazakhstan
30%
In 'The Big Bang Theory', Howard finds a lost dog belonging to which famous actor?Mark Hamill
29%
For which theory do Sheldon and Amy win the Nobel Prize on 'The Big Bang Theory'?Super Asymmetry
29%
Amy shares a birthday which which other character in 'The Big Bang Theory'?Halley
21%
How did Dr Emily Sweeney meet Raj in 'The Big Bang Theory'?Dating site
1%

Score Distribution

Percentile by Number Answered

Percent of People with Each Score

Your Score History

You have not taken this quiz